World Countries furthest from the Sea on Average - Statistics

General Stats
  • This quiz has been taken 108 times
  • The average score is 19 of 23
Answer Stats
D (km) Country % Correct
2,374 Kazakhstan
99%
2,011 Kyrgyzstan
96%
1,548 Tajikistan
96%
1,719 Uzbekistan
96%
1,348 Turkmenistan
95%
1,319 Chad
93%
1,855 Mongolia
93%
1,197 Niger
92%
1,241 CAR
89%
1,074 Mali
88%
942 Afghanistan
85%
1,057 Rwanda
80%
1,009 Burundi
79%
825 Nepal
79%
1,164 DR Congo
77%
999 Zambia
77%
961 Paraguay
75%
2,325 Russia
74%
969 Uganda
73%
1,090 China
71%
1,567 Canada
68%
857 Botswana
61%
1,004 Sudan
55%
No matching quizzes found
Score Distribution
Percent of People with Each Score
Percentile by Number Answered
Your Score History
You have not taken this quiz